| 000 | 00598nam a2200217Ia 4500 | ||
|---|---|---|---|
| 005 | 20260115172729.0 | ||
| 008 | 008 260114s9999 xx 000 0 eng d | ||
| 020 | _a9781785278655 | ||
| 037 | _aEBOOK | ||
| 040 |
_aCRL _beng _cCRL |
||
| 041 |
_aeng _2eng |
||
| 084 | _qCRL | ||
| 100 |
_aDabbs _9878062 |
||
| 245 | 0 | _aMay Alcott Nieriker, Author and Advocate | |
| 260 | _bAnthem Press | ||
| 260 | _bCambridge University Press | ||
| 260 | _c2022 | ||
| 856 | _uhttps://www.cambridge.org/core/product/identifier/9781785278655/type/BOOK | ||
| 942 | _cEBOOK | ||
| 999 |
_c1476667 _d1476667 |
||